000 00572nam a2200181Ia 4500
005 20250508160218.0
008 008 250505s9999 xx 000 0 eng d
037 _aBooks to be hide in OPAC
040 _aFEDL
_beng
_cFEDL
041 _aeng
_2eng
084 _a301.427, IND/O
_qFEDL
245 0 _aWhat is wrong and with today's youth: A study of the parent-child relationship
260 _c1970
300 _a33p.
546 _aReport of poll 87 of the purdue opinion panel January, 1970
942 _cHB
_h301.427, IND/O
999 _c1362701
_d1362701